000
00218nam a2200097Ia 4500
008
190216s9999||||xx |||||||||||||| ||und||
100
_a
Chama Joshi
245
0
_a
Your Find Him I Will Read
260
_b
Null
942
_c
BK
999
_c
12726
_d
12726